Neoxidová keramika pre bioaplikácie

Gespeichert in:
Bibliographische Detailangaben
1. Verfasser: Čopan, Peter
Format: Buch
Sprache:Slowakisch
Veröffentlicht: Bratislava STU FCHPT 2009
Online-Zugang:Im OPAC anzeigen
Tags: Tag hinzufügen
Keine Tags, Fügen Sie das erste Tag hinzu!

MARC

LEADER 00000nam a2200000 a 4500
005 20260127133930.0
008 110127 2009 xo 000 0 slo d
035 |a vtls010206874 
039 9 |a 201101280855  |b mschk03  |y 201101271241  |z mschk03 
040 |a STUSCHK1  |b slo  |c STUSCHK1  |e AACR2 
100 1 |a Čopan, Peter 
245 1 |a Neoxidová keramika pre bioaplikácie  |c Peter Čopan 
260 |a Bratislava  |b STU FCHPT  |c 2009 
300 |a 87 s.  |b il.  |c 30 cm 
500 |a Dizertačná práca 
500 |a Obháj.: 22.9.2009 
500 |a Študijný odbor: 5.2.19 Anorganická technológia a materiály 
500 |a Fakulta chemickej a potravinárskej technológie, Ústav anorganickej chémie, technológie a materiálov 
910 |a SCHK95 
999 |c 299  |d 299